| 000 | 02950nam a22002777a 4500 | ||
|---|---|---|---|
| 001 | 22120 | ||
| 005 | 20260325115720.0 | ||
| 008 | 260324b |||||||| |||| 00| 0 spa d | ||
| 041 | _aESP | ||
| 082 |
_aHR 330 DIC 2025 _bCA |
||
| 100 | _a, | ||
| 110 | _aCámara de Comercio e Industria de Arequipa | ||
| 245 | _aCámara AQP : revista institucional de la Cámara de Comercio e Industria de Arequipa | ||
| 260 |
_aArequipa : _bCámara de Comercio e Industria de Arequipa, _c2026 |
||
| 300 |
_a90 páginas : _bfotografías, gráficos ; _c29 cm. |
||
| 440 | _a ; | ||
| 500 | _aN° 46 (2025) | ||
| 505 | _aCONTENIDO - Perú 2026: la encrucijada económica - Protección de datos en Perú: obligaciones clave para las empresas - Perspectivas sobre la economía peruana en el 2026 - IRESA 2025: la sostenibilidad como pilar de la competitividad regional - Proyecto especial integral Majes Siguas: transformando una esperanza en realidad - La falla del desarrollo: Arequipa 2045 ante el reto de ser potencia energética o colapsar por el caos urbano - Empleabilidad juvenil: desafíos y oportunidades - Arequipa, 25 años como patrimonio cultural de la humanidad: la historia detrás del reconocimiento y los desafíos de su conservación - La ley agraria es una oportunidad para ordenar, modernizar y hacer más competitivo el agro - Crece el primer semillero escolar que busca formar a los emprendedores de mañana - Química verde y economía circular: una alianza que impulsa la innovación y los negocios sostenibles en el Perú - Presto: la historia de cómo un local de cuatro mesas se convirtió en cadena regional - I Feria inclusiva de emprendedores con discapacidad: una apuesta por la autonomía y el talento desde Arequipa - De Huariques, repostería y economía: impulsando a las pymes de Perú - Impulsando tradición y calidad en bebidas. Diego Broders Odiag, gerente administrativo de Kola Escocesa - Fundación BBVA y hay festival Arequipa: más de una década fomentando la cultura como motor de desarrollo social - El paladar real del Sur: Adriana Agramonte, la dama del Catering que cautivó al rey - Transformación digital: gemelos digitales como herramientas de la minería sostenible y escalable - Arequipa, capital de las letras - La Ciudad del Sillar canta a Belén - Centro de arbitraje de la CCIA se incorpora al Registro Nacional de Arbitraje y Juntas de Resolución de Disputas - Institucionales - La Cámara de Comercio e Industria de Arequipa da la bienvenida a sus nuevos asociados - Nuestros asociados | ||
| 650 | _aCIS | ||
| 653 | _aEconomía - Revista; Industrias - Revista | ||
| 654 | _aCAN | ||
| 700 | _a; | ||
| 856 |
_uhttps://0u20uu1xc-y-https-actualidadempresarial-pe.itmsp.museknowledge.com/ _zVéase además: Revista Actualidad Empresarial |
||
| 856 |
_uhttps://legal.legis.com.pe/home/Corporativo _zVéase además: Base de datos Multilegis |
||
| 942 |
_cREV _dJUS _fJUS _n0 _2ddc |
||
| 999 |
_c22120 _d22120 |
||